| 000 | 01281pam a2200445 i 4500 | ||
|---|---|---|---|
| 001 | 863724 | ||
| 003 | OSt | ||
| 005 | 20140310184417.0 | ||
| 008 | 790801s1980 nyua j 000 1 eng | ||
| 010 | _a 79007895 | ||
| 020 | _a9780439095105 | ||
| 020 | _a0439095107 | ||
| 040 |
_aDLC _cDLC _dDLC |
||
| 042 | _alcac | ||
| 050 | 0 | 0 |
_aPZ 7 _b.G174 1999 |
| 100 | 1 |
_aGardiner, John Reynolds. _96700 |
|
| 245 | 1 | 0 |
_aStone Fox / _cJohn Reynolds Gardiner ; illustrated by Marcia Sewall. |
| 260 |
_aNew York : _bScholastic Inc., _c1999. |
||
| 300 |
_a81 p. : _bill. ; _c21 cm. |
||
| 521 | _aG3 | ||
| 526 | _c550 | ||
| 650 | 1 |
_aSled dog racing _xFiction. _926464 |
|
| 700 | 1 |
_aSewall, Marcia. _96702 |
|
| 856 | 4 | 2 |
_3Publisher description _uhttp://www.loc.gov/catdir/description/hc044/79007895.html |
| 856 | 4 | 2 |
_3Contributor biographical information _uhttp://www.loc.gov/catdir/enhancements/fy0912/79007895-b.html |
| 906 |
_a7 _bcbc _corignew _d1 _eocip _f19 _gy-gencatlg |
||
| 942 |
_2lcc _cBK-SCHOLAS |
||
| 999 |
_c34171 _d34171 |
||